|
|
|
|
| LEADER |
00000nam0a2200000 4500 |
| 001 |
312792 |
| 005 |
20231102002523.0 |
| 035 |
|
|
|a (RuTPU)RU\TPU\book\338162
|
| 090 |
|
|
|a 312792
|
| 100 |
|
|
|a 20151228d1982 km y0rusy50 ca
|
| 101 |
0 |
|
|a rus
|
| 102 |
|
|
|a UA
|
| 105 |
|
|
|a a z 001zy
|
| 200 |
1 |
|
|a Токопроводы в электроснабжении промышленных предприятий
|f А. С. Овчаренко, С. И. Полещук
|
| 210 |
|
|
|a Киев
|c Технiка
|d 1982
|
| 215 |
|
|
|a 160 с.
|c ил.
|
| 320 |
|
|
|a Библиогр.: с. 155-156
|
| 606 |
1 |
|
|a Токопроводы промышленных предприятий
|2 stltpush
|3 (RuTPU)RU\TPU\subj\60888
|9 78111
|
| 610 |
1 |
|
|a электроснабжение
|
| 610 |
1 |
|
|a конструкции
|
| 610 |
1 |
|
|a токоведущие элементы
|
| 610 |
1 |
|
|a шины
|
| 610 |
1 |
|
|a подвески
|
| 610 |
1 |
|
|a гибкие токоподводы
|
| 610 |
1 |
|
|a механические расчеты
|
| 610 |
1 |
|
|a эксплуатация
|
| 675 |
|
|
|a 658.26:621.31
|v 4
|
| 700 |
|
1 |
|a Овчаренко
|b А. С.
|
| 701 |
|
1 |
|a Полещук
|b С. И.
|
| 801 |
|
1 |
|a RU
|b 63413507
|c 20151228
|
| 801 |
|
2 |
|a RU
|b 63413507
|c 20191115
|g RCR
|
| 942 |
|
|
|c BK
|